MotoGP Champions - Statistics

General Stats
  • This quiz has been taken 27 times
  • The average score is 45 of 76
Answer Stats
Hint Answer % Correct
2001 Valentino Rossi
100%
2002 Valentino Rossi
100%
2003 Valentino Rossi
100%
2004 Valentino Rossi
100%
2005 Valentino Rossi
100%
2008 Valentino Rossi
100%
2009 Valentino Rossi
100%
2022 Francesco Bagnaia
92%
2023 Francesco Bagnaia
92%
2013 Marc Marquez
92%
2014 Marc Marquez
92%
2016 Marc Marquez
92%
2017 Marc Marquez
92%
2018 Marc Marquez
92%
2019 Marc Marquez
92%
2010 Jorge Lorenzo
88%
2012 Jorge Lorenzo
88%
2015 Jorge Lorenzo
88%
2007 Casey Stoner
84%
2011 Casey Stoner
84%
2021 Fabio Quartararo
84%
2020 Joan Mir
84%
2024 Jorge Martin
84%
2006 Nicky Hayden
76%
1966 Giacomo Agostini
72%
1967 Giacomo Agostini
72%
1968 Giacomo Agostini
72%
1969 Giacomo Agostini
72%
1970 Giacomo Agostini
72%
1971 Giacomo Agostini
72%
1972 Giacomo Agostini
72%
1975 Giacomo Agostini
72%
1994 Mick Doohan
72%
1995 Mick Doohan
72%
1996 Mick Doohan
72%
1997 Mick Doohan
72%
1998 Mick Doohan
72%
1978 Kenny Roberts
60%
1979 Kenny Roberts
60%
1980 Kenny Roberts
60%
2000 Kenny Roberts Jr
60%
1999 Alex Criville
56%
1993 Kevin Schwantz
48%
1990 Wayne Rainey
48%
1991 Wayne Rainey
48%
1992 Wayne Rainey
48%
1962 Mike Hailwood
40%
1963 Mike Hailwood
40%
1964 Mike Hailwood
40%
1965 Mike Hailwood
40%
1984 Eddie Lawson
36%
1986 Eddie Lawson
36%
1988 Eddie Lawson
36%
1989 Eddie Lawson
36%
1983 Freddie Spencer
36%
1985 Freddie Spencer
36%
1987 Wayne Gardner
36%
1982 Franco Uncini
28%
1956 John Surtees
28%
1958 John Surtees
28%
1959 John Surtees
28%
1960 John Surtees
28%
1976 Barry Sheene
24%
1977 Barry Sheene
24%
1951 Geoff Duke
24%
1953 Geoff Duke
24%
1954 Geoff Duke
24%
1955 Geoff Duke
24%
1949 Leslie Graham
24%
1973 Phil Read
24%
1974 Phil Read
24%
1957 Libero Liberati
20%
1981 Marco Lucchinelli
20%
1961 Gary Hocking
16%
1950 Umberto Masetti
16%
1952 Umberto Masetti
16%
No matching quizzes found
Score Distribution
Percent of People with Each Score
Percentile by Number Answered
Your Score History
You have not taken this quiz